000 00705nam a2200241Ia 4500
001 3093
003 GE_BSU
008 181216s||||||||xx |||||||||||||| ||und||
020 _a5279016837
040 _cGE_BSU
080 _a336.1(075.8)
100 _aКовалев В.В.
245 _aСборник задач по финансовому анализу
245 _bУчебное пособие
245 _cРед. М. М. Засыпкина
260 _aМосква
260 _bФинансы и статистика
260 _c1997
300 _a128 с. 20 см.
541 _h5 л.
653 _aСборник задач по финансовому анализ
942 _cBK
999 _c37137
_d37137